Woodland cover needs to increase (Record no. 118351)
[ view plain ]
| 000 -LEADER | |
|---|---|
| fixed length control field | 01122cam a2200217 4500 |
| 001 - CONTROL NUMBER | |
| control field | WB@3612-798 |
| 008 - FIXED-LENGTH DATA ELEMENTS--GENERAL INFORMATION | |
| fixed length control field | 041123n2004 000 0 eng u |
| 035 ## - SYSTEM CONTROL NUMBER | |
| System control number | (Sirsi) u128082 |
| 245 ## - TITLE STATEMENT | |
| Title | Woodland cover needs to increase |
| 260 ## - PUBLICATION, DISTRIBUTION, ETC. | |
| Date of publication, distribution, etc. | 2004 |
| 490 ## - SERIES STATEMENT | |
| Series statement | Planning (for the Natural and Built Environment) |
| Volume/sequential designation | 19 November 2004 2(1) |
| 520 ## - SUMMARY, ETC. | |
| Summary, etc. | "Space for people" has been published by The Woodland Trust. It advises that the UK's woodland cover is insufficient to meet social needs and there should be 77 000ha more across the country. The UK's woodland cover is one of the smallest in Europe. The report says that trees improve health by encouraging exercise and reducing stress, as well as improving air quality, providing shade and encouraging learning and recreation. The trust recommends that no-one should live more than 500m from accessible woodland of at least 2 ha, although 90% of the UK does not. |
| 590 ## - LOCAL NOTE (RLIN) | |
| Local note | WB |
| 590 ## - LOCAL NOTE (RLIN) | |
| Local note | WB |
| 650 ## - SUBJECT ADDED ENTRY--TOPICAL TERM | |
| Topical term or geographic name entry element | WOODLAND PLANTING |
| 650 ## - SUBJECT ADDED ENTRY--TOPICAL TERM | |
| Topical term or geographic name entry element | GREAT BRITAIN |
| 650 ## - SUBJECT ADDED ENTRY--TOPICAL TERM | |
| Topical term or geographic name entry element | WOODLANDS |
| 650 ## - SUBJECT ADDED ENTRY--TOPICAL TERM | |
| Topical term or geographic name entry element | FORESTRY |
| 690 ## - LOCAL SUBJECT ADDED ENTRY--TOPICAL TERM (OCLC, RLIN) | |
| Topical term or geographic name as entry element | RURAL-AGRICULTURE AND FORESTRY |
| 942 ## - ADDED ENTRY ELEMENTS (KOHA) | |
| Suppress in OPAC | 0 |
| Withdrawn status | Lost status | Source of classification or shelving scheme | Damaged status | Not for loan | Home library | Current library | Shelving location | Date acquired | Total Checkouts | Full call number | Barcode | Date last seen | Copy number | Price effective from | Koha item type |
|---|---|---|---|---|---|---|---|---|---|---|---|---|---|---|---|
| Dewey Decimal Classification | London | London | News article | 23/11/2004 | WB4045-22 | 128082-1001 | 06/08/2019 | 1 | 06/08/2019 | News article |